The deep hot biosphere. (Record no. 7312)

MARC details
000 -LEADER
fixed length control field 01045cam a2200253 a 4500
001 - CONTROL NUMBER
control field 727940
003 - CONTROL NUMBER IDENTIFIER
control field OSt
005 - DATE AND TIME OF LATEST TRANSACTION
control field 20211001125549.0
008 - FIXED-LENGTH DATA ELEMENTS--GENERAL INFORMATION
fixed length control field 980818s1999 nyuab b 001 0 eng
010 ## - LIBRARY OF CONGRESS CONTROL NUMBER
LC control number 98042598
020 ## - INTERNATIONAL STANDARD BOOK NUMBER
International Standard Book Number 0387985468 (hardcover : alk. paper)
040 ## - CATALOGING SOURCE
Original cataloging agency DLC
Transcribing agency DDC
Modifying agency DLC
050 00 - LIBRARY OF CONGRESS CALL NUMBER
Classification number TN870.5
Item number .G66 1999
082 00 - DEWEY DECIMAL CLASSIFICATION NUMBER
Classification number 576.83GOLD 1999
100 1# - MAIN ENTRY--PERSONAL NAME
Personal name Gold,Thomas.;
9 (RLIN) 14995
245 14 - TITLE STATEMENT
Title The deep hot biosphere.
Statement of responsibility, etc. Edited by Gold,Thomas and foreword by Dyson,Freeman;
260 ## - PUBLICATION, DISTRIBUTION, ETC. (IMPRINT)
Place of publication, distribution, etc. New York :
Name of publisher, distributor, etc. Copernicus,
Date of publication, distribution, etc. c1999.
300 ## - PHYSICAL DESCRIPTION
Extent xiv,235p;
Other physical details ill,maps;
Dimensions 25cm.
504 ## - BIBLIOGRAPHY, ETC. NOTE
Bibliography, etc Includes; bibliographical references (p. 209-225) and index.
650 #0 - SUBJECT ADDED ENTRY--TOPICAL TERM
Topical term or geographic name as entry element Biology
9 (RLIN) 5602
906 ## - LOCAL DATA ELEMENT F, LDF (RLIN)
a 7
b cbc
c orignew
d 1
e ocip
f 19
g y-gencatlg
942 ## - ADDED ENTRY ELEMENTS (KOHA)
Source of classification or shelving scheme Dewey Decimal Classification
Koha item type Open Shelf
Holdings
Withdrawn status Lost status Source of classification or shelving scheme Damaged status Not for loan Home library Current library Date acquired Source of acquisition Inventory number Total Checkouts Full call number Barcode Date last seen Price effective from Koha item type
    Dewey Decimal Classification     MUST Main Library MUST Main Library 01/10/2021 Donation 03/20580   576.83GOLD 1999 2021-1379 01/10/2021 01/10/2021 Open Shelf